LEADER 01293nam a2200289 i 4500 001 000000246815 003 CaOOAMICUS 005 20210326113633.0 008 151125s1738 it u000 u ita u 013 $a225720 026 $ao-e- onl- 0.na coco (3) 1738 (R) 040 $aSeMil$bita 100 1 $aCardi, Paolo Maria.$0(OLS)http://semarc/name/82791 245 10$aVita del beato Gianangelo Porri da Milano dell'ordine dei Servi di Maria Vergine .. 260 $aIn Roma :$bNella stamperia Komarek al Corso,$c1738. 300 $a[32], 198, [2] p., [1] carta di tav. :$britr. ;$c8°. 500 $aIl nome dell'A. a c. b2r. 500 $aSegn.: a-b8 A-L8 M12 500 $aIniz. xilogr. 500 $aC. di tav. con ritr. calcogr. del Porri 600 14$aPorro, Giovannangelo .$0(OLS)http://semarc/subject/11655 700 1 $aKomarek, Giovanni Giacomo,$c.$0(OLS)http://semarc/name/14853 850 $aSeMil 852 $aSeMil$W1$xVenegono$y1$m3J I 16 FA$j197161$B197161$CSeMilBibl$Z2$F208182 $8I 996 $6245$aVita del beato Gianangelo Porri da Milano dell'ordine dei Servi di Maria Vergine ..$9(OLS)http://semarc/title/348643 996 $6260$aIn Roma :$bNella stamperia Komarek al Corso$9(OLS)http://semarc/publisher/55118 LEADER 00674nam a2200193 i 4500 001 000000211794 003 CaOOAMICUS 005 20120314000000.0 008 120314s1843 it u000 u fre u 013 $a190607 040 $aSeMil$bita 245 10$aTome 2. 300 $a338 p. 490 0 $aBibliothèque choisie 773 0 $aMarmier, Xavier <1809-1892>$tLettres sur la Russie, la Finlande et la Pologne.$dParis : Delloye, 1843.$g2$w()26430 830 0$aBibliothèque choisie.$0(OLS)http://semarc/title/33831 850 $aSeMil 852 $aSeMil$W1$xVenegono$y1$m1V IV 87 FA$j162233$B162233$CSeMilBibl$Z2$F173511 $8I 996 $6245$aTome 2$9(OLS)http://semarc/title/1533 LEADER 00786nam a2200205 i 4500 001 000000040159 003 CaOOAMICUS 005 20080820000000.0 008 080820s1951 xx u000 u fre u 013 $a11317 040 $aSeMil$bita 245 10$a[2]. 300 $a1809 p., [2] c. di tav. ripiegate. 490 0 $aBibliothèque de la pléiade ;$v86 500 $aContiene : Appendice. 773 0 $aMontesquieu, Charles de Secondat $tOeuvres complètes.$d[Paris] : Gallimard, 1949-1958.$kBibliothèque de la Pléiade$w()19931 830 0$aBibliothèque de la Pléiade ;$v86.$0(OLS)http://semarc/title/42418 850 $aSeMil 852 $aSeMil$W1$xVenegono$y1$m1W IV 200$j6314$B6314$CSeMilBibl$Z2$F6314 $81 996 $6245$a[2]$9(OLS)http://semarc/title/54267